| 000 | 00990 am a22002897a 4500 | ||
|---|---|---|---|
| 001 | 008424024 | ||
| 003 | EG-ScBUE | ||
| 005 | 20220303091935.0 | ||
| 008 | 941010s1998 enk f 001 0 eng d | ||
| 020 | _a9780749305932 | ||
| 040 |
_aUk _beng _erda _cUk _dEG-ScBUE |
||
| 082 | 0 | 4 |
_a158.1 _222 _bCAR |
| 100 | 1 |
_aCarnegie, Dale, _d1888-1955, _eauthor. _934559 |
|
| 245 | 1 | 0 |
_aHow to enjoy your life and your job : _bselections from How to win friends and influence people and How to stop worrying and start living / _cDale Carnegie ; foreword by Dorothy Carnegie. |
| 264 | 1 |
_aLondon : _bVermilion, _c1998. |
|
| 300 |
_a207 pages ; _c20 cm |
||
| 336 |
_atext _2rdacontent _btxt |
||
| 337 |
_aunmediated _2rdamedia _bn |
||
| 338 |
_avolume _2rdacarrier _bnc |
||
| 500 | _aIncludes index. | ||
| 650 | 7 |
_aSelf-realization. _2BUEsh |
|
| 650 | 7 |
_aJob satisfaction. _2BUEsh _935149 |
|
| 653 |
_cMarch2022 _bGGEN |
||
| 655 |
_vReading book _934232 |
||
| 942 |
_2ddc _cBB |
||
| 999 |
_c29829 _d29800 |
||